[Event "Paris-ch op-A"]
[Site "Paris"]
[Date "2010.07.09"]
[Round "7"]
[White "Rano, David"]
[Black "Debeaune, Robin"]
[Result "1-0"]
[WhiteElo "2166"]
[BlackElo "2115"]
[PlyCount "130"]
[EventDate "2010.07.03"]
[EventType "swiss"]
[EventRounds "9"]
[EventCountry "FRA"]
[SourceTitle "CBM 137 Extra"]
[Source "ChessBase"]
[SourceDate "2010.09.01"]
[SourceVersion "1"]
[SourceVersionDate "2010.09.01"]
[SourceQuality "1"]

1. d4 Nf6 2. c4 c5 3. d5 b5 4. cxb5 a6 5. Nc3 axb5 6. e4 b4 7. Nb5 d6 8. Bc4 Nbd7 9. Nf3 Nb6 10. Bd3 Bd7 11. Qe2 Ra5 12. e5 Nfxd5 13. exd6 e6 14. b3 Qb8 15. 0-0 Bxd6 16. Nxd6+ Qxd6 17. Bd2 0-0 18. a4 Nf4 19. Bxf4 Qxf4 20. Ne5 Ra7 21. Rac1 Rc8 22. g3 Qf6 23. Rfd1 Be8 24. Be4 g6 25. f4 Qe7 26. Qf2 f6 27. Nd3 Rac7 28. Re1 Bc6 29. Qxc5 Nd5 30. Qxe7 Nxe7 31. Nxb4 Bxe4 32. Rxc7 Rxc7 33. Rxe4 Rc3 34. Rxe6 Nf5 35. Nd5 Rxb3 36. a5 Nd4 37. Rb6 Rd3 38. Nxf6+ Kg7 39. Kf2 Rf3+ 40. Kg2 Ra3 41. a6 Ra2+ 42. Kh3 h5 43. g4 Ra3+ 44. Kg2 h4 45. g5 Ra2+ 46. Kf1 Kf8 47. Ng4 h3 48. Rxg6 Nf3 49. Rh6 Nd2+ 50. Ke2 Nb3+ 51. Kf3 Nc5 52. Rxh3 Ra3+ 53. Ne3 Nxa6 54. f5 Nc7 55. f6 Ne6 56. Rh8+ Kf7 57. h4 Nd4+ 58. Ke4 Ra4 59. Kd5 Ne2 60. Rh7+ Kg8 61. Rg7+ Kh8 62. Nf5 Ra5+ 63. Ke4 Ng3+ 64. Nxg3 Re5+ 65. Kf4 Rf5+ 1-0

[Event "FRA-chT2 West 0708"]
[Site "France"]
[Date "2008.04.05"]
[Round "10.3"]
[White "Debeaune, Robin"]
[Black "Jeanne, Mickael"]
[Result "1/2-1/2"]
[WhiteElo "2209"]
[BlackElo "2204"]
[PlyCount "53"]
[EventDate "2007.10.21"]
[EventType "team"]
[EventRounds "11"]
[EventCountry "FRA"]
[SourceTitle "EXT 2009"]
[Source "ChessBase"]
[SourceDate "2008.11.26"]
[SourceVersion "1"]
[SourceVersionDate "2008.11.26"]
[SourceQuality "1"]
[WhiteTeam "Bois Colombes II"]
[BlackTeam "Gonfreville II"]
[WhiteTeamCountry "FRA"]
[BlackTeamCountry "FRA"]

1. e4 e6 2. d4 d5 3. Nd2 Nf6 4. Bd3 c5 5. dxc5 Bxc5 6. Qe2 0-0 7. Ngf3 Nc6 8. 0-0 Qc7 9. a3 a5 10. b3 Nd4 11. Nxd4 Bxd4 12. Ra2 Rd8 13. Re1 e5 14. h3 dxe4 15. Nxe4 Nxe4 16. Qxe4 f5 17. Qh4 Be6 18. a4 Bc3 19. Rf1 Bxb3 20. cxb3 Rxd3 21. Rc2 Qf7 22. Bb2 Qxb3 23. Rfc1 Bxb2 24. Rc8+ Rxc8 25. Rxc8+ Kf7 26. Rc7+ Kg6 27. g4 1/2-1/2

[Event "FRA-chT2 West 0708"]
[Site "France"]
[Date "2007.12.16"]
[Round "4.1"]
[White "Perrin, Guillaume"]
[Black "Debeaune, Robin"]
[Result "0-1"]
[WhiteElo "2268"]
[BlackElo "2208"]
[PlyCount "66"]
[EventDate "2007.10.21"]
[EventType "team"]
[EventRounds "11"]
[EventCountry "FRA"]
[SourceTitle "EXT 2009"]
[Source "ChessBase"]
[SourceDate "2008.11.26"]
[SourceVersion "1"]
[SourceVersionDate "2008.11.26"]
[SourceQuality "1"]
[WhiteTeam "Orleans"]
[BlackTeam "Bois Colombes II"]
[WhiteTeamCountry "FRA"]
[BlackTeamCountry "FRA"]

1. e4 c5 2. Nf3 d6 3. d4 cxd4 4. Nxd4 Nf6 5. Nc3 g6 6. Be3 Bg7 7. f3 0-0 8. Qd2 Nc6 9. Bc4 Bd7 10. 0-0-0 Rc8 11. Bb3 Ne5 12. Bg5 Nc4 13. Bxc4 Rxc4 14. e5 Ne8 15. Nd5 f6 16. exf6 Nxf6 17. Qe2 Rc5 18. Ne6 Bxe6 19. Qxe6+ Kh8 20. h4 Nxd5 21. Rxd5 Qb6 22. b3 Rfc8 23. Rxc5 Qxc5 24. Qe4 Qa3+ 25. Kd2 Qxa2 26. Be3 Bc3+ 27. Ke2 Be5 28. Rc1 Qb2 29. f4 Bf6 30. Kf3 b6 31. h5 gxh5 32. Qf5 Rc3 33. Qxh5 Qxc1 0-1

[Event "FRA-ch op-A"]
[Site "Aix les Bains"]
[Date "2007.08.17"]
[Round "4"]
[White "Soyer, Jean Yves"]
[Black "Debeaune, Robin"]
[Result "1/2-1/2"]
[WhiteElo "2126"]
[BlackElo "2196"]
[PlyCount "99"]
[EventDate "2007.08.13"]
[EventType "swiss"]
[EventRounds "11"]
[EventCountry "FRA"]
[SourceTitle "CBM 120 Extra"]
[Source "ChessBase"]
[SourceDate "2007.11.01"]
[SourceVersion "1"]
[SourceVersionDate "2007.11.01"]
[SourceQuality "1"]

1. c4 Nf6 2. Nc3 g6 3. e4 d6 4. d4 Bg7 5. Be2 0-0 6. Nf3 e5 7. Be3 Nc6 8. d5 Ne7 9. Nd2 Nd7 10. b4 f5 11. f3 a6 12. c5 Nf6 13. Nc4 Nh5 14. cxd6 cxd6 15. Nb6 Rb8 16. 0-0 Nf4 17. Nca4 g5 18. Rf2 Rf6 19. Bf1 Rh6 20. Nxc8 Rxc8 21. g3 Nh5 22. Rc2 Rg6 23. Rac1 Rb8 24. a3 Qf8 25. Nb6 Rd8 26. Rc7 Nf6 27. Bd3 f4 28. Bf2 g4 29. Be2 gxf3 30. Bxf3 fxg3 31. hxg3 Bh6 32. R1c3 Bf4 33. Bg2 Bh6 34. R7c4 Ng4 35. Rf3 Qg7 36. Qe2 Bg5 37. Bh3 Nf6 38. Be6+ Kh8 39. Kg2 Bf4 40. Rcc3 Nh5 41. Qe1 Ng8 42. Kf1 Bg5 43. Ke2 Ngf6 44. Kd3 Qe7 45. Bf5 Rg7 46. Kc2 Rf7 47. Be6 Rff8 48. Bf5 Ng7 49. g4 Rf7 50. Kb3 1/2-1/2

[Event "FRA-ch Accession"]
[Site "Besancon"]
[Date "2006.08.22"]
[Round "7"]
[White "Marie, Maxime"]
[Black "Debeaune, Robin"]
[Result "1-0"]
[WhiteElo "2165"]
[BlackElo "2150"]
[PlyCount "89"]
[EventDate "2006.08.15"]
[EventType "swiss"]
[EventRounds "10"]
[EventCountry "FRA"]
[SourceTitle "CBM 113 Extra"]
[Source "ChessBase"]
[SourceDate "2006.09.14"]
[SourceVersion "1"]
[SourceVersionDate "2006.09.14"]
[SourceQuality "1"]

1. e4 c5 2. Nf3 Nc6 3. d4 cxd4 4. Nxd4 Nf6 5. Nc3 g6 6. f4 d6 7. Nxc6 bxc6 8. e5 Nd7 9. exd6 exd6 10. Bd3 Nc5 11. 0-0 Nxd3 12. Qxd3 Be7 13. Re1 Be6 14. Ne4 0-0 15. b3 d5 16. Ng3 Bf6 17. Ba3 Qb6+ 18. Kh1 Rfe8 19. f5 Bd7 20. Rad1 a5 21. Qf3 Bd4 22. Be7 Bc5 23. Bf6 Rxe1+ 24. Rxe1 Bd4 25. fxg6 hxg6 26. Re7 Be6 27. h4 Qb4 28. c3 Bxf6 29. cxb4 Bxe7 30. bxa5 Rxa5 31. h5 Rxa2 32. Qc3 c5 33. Qe5 Ra6 34. h6 Bf8 35. Qb8 Ra3 36. h7+ Kxh7 37. Qxf8 Rxb3 38. Ne2 c4 39. Nd4 Rd3 40. Nf3 g5 41. Nxg5+ Kg6 42. Nf3 Kf5 43. Qg7 Rd1+ 44. Kh2 Ke4 45. Qb2 1-0

[Event "FRA-ch Accession"]
[Site "Besancon"]
[Date "2006.08.19"]
[Round "5"]
[White "Fischer, Marc"]
[Black "Debeaune, Robin"]
[Result "1/2-1/2"]
[WhiteElo "2146"]
[BlackElo "2150"]
[PlyCount "129"]
[EventDate "2006.08.15"]
[EventType "swiss"]
[EventRounds "10"]
[EventCountry "FRA"]
[SourceTitle "CBM 113 Extra"]
[Source "ChessBase"]
[SourceDate "2006.09.14"]
[SourceVersion "1"]
[SourceVersionDate "2006.09.14"]
[SourceQuality "1"]

1. c4 Nf6 2. g3 g6 3. Bg2 Bg7 4. Nc3 0-0 5. e3 c6 6. Nge2 Na6 7. 0-0 Nc7 8. b4 d5 9. c5 a5 10. bxa5 Nd7 11. d4 e5 12. Rb1 Ne6 13. f4 exd4 14. exd4 Qxa5 15. Qd3 f5 16. Rb3 Qd8 17. Be3 Nf6 18. h3 Ne4 19. Nxe4 fxe4 20. Qd2 Qa5 21. Nc3 b5 22. cxb6 Ba6 23. Re1 Bc4 24. b7 Rab8 25. Nxe4 Qxd2 26. Nxd2 Bxb3 27. Nxb3 Rxb7 28. Bf2 Re7 29. Rc1 Rc7 30. h4 Kf7 31. Bh3 Ra8 32. Rc2 Bf6 33. a4 Ng7 34. Bg2 Rcc8 35. Nc5 Nf5 36. Rd2 Be7 37. Nd7 Rxa4 38. Kh2 Rb4 39. Rc2 Ke6 40. Ne5 Kd6 41. Nf7+ Ke6 42. Ne5 Rc7 43. Nxc6 Rc4 44. Re2+ Kf6 45. Nxe7 Rxe7 46. Rd2 Rec7 47. Bxd5 Rc2 48. Rxc2 Rxc2 49. Kg1 Rc1+ 50. Kg2 Rd1 51. Be4 Nxd4 52. Bxd4+ Rxd4 53. Kf3 Ra4 54. h5 Ra3+ 55. Kf2 gxh5 56. Bxh7 Ra2+ 57. Kf3 Ra3+ 58. Kf2 h4 59. gxh4 Rh3 60. Be4 Rxh4 61. Kg3 Rh8 62. Kg4 Rg8+ 63. Kf3 Ke6 64. Bc2 Rc8 65. Be4 1/2-1/2

[Event "Bois Colombes op 2nd"]
[Site "Bois Colombes"]
[Date "2005.12.24"]
[Round "4"]
[White "Debeaune, Robin"]
[Black "Marre, Erwan"]
[Result "1-0"]
[WhiteElo "2134"]
[BlackElo "1964"]
[PlyCount "59"]
[EventDate "2005.12.21"]
[EventType "swiss"]
[EventRounds "6"]
[EventCountry "FRA"]
[SourceTitle "EXT 2007"]
[Source "ChessBase"]
[SourceDate "2006.11.23"]
[SourceVersion "1"]
[SourceVersionDate "2006.11.23"]
[SourceQuality "1"]

1. g3 g6 2. Bg2 Bg7 3. Nf3 Nf6 4. 0-0 0-0 5. c4 d6 6. Nc3 c6 7. d4 Nbd7 8. e4 e5 9. d5 c5 10. Ne1 Nb6 11. b3 Ne8 12. Nd3 a5 13. Rb1 f5 14. f3 Nf6 15. a3 fxe4 16. fxe4 Ng4 17. h3 Nf6 18. g4 Bd7 19. Qe2 Nc8 20. b4 b6 21. bxc5 bxc5 22. Nb5 Rb8 23. Bd2 Bxb5 24. cxb5 Ra8 25. a4 Nb6 26. Nb2 c4 27. Ra1 Qc7 28. Rfc1 Qc5+ 29. Be3 Bh6 30. Bxc5 1-0

[Event "FRA-ch U20"]
[Site "Calvi"]
[Date "2005.04.18"]
[Round "2"]
[White "Debeaune, Robin"]
[Black "Terrieux, Kevin"]
[Result "0-1"]
[WhiteElo "2165"]
[BlackElo "2300"]
[PlyCount "91"]
[EventDate "2005.04.??"]
[EventType "swiss"]
[EventRounds "9"]
[EventCountry "FRA"]
[SourceTitle "EXT 2006"]
[Source "ChessBase"]
[SourceDate "2005.11.24"]
[SourceVersion "1"]
[SourceVersionDate "2005.11.24"]
[SourceQuality "1"]

1. e4 c5 2. Nf3 Nc6 3. d4 cxd4 4. Nxd4 e6 5. Nc3 Qc7 6. Be2 a6 7. Be3 Nf6 8. 0-0 Be7 9. f4 d6 10. Kh1 Bd7 11. Qe1 b5 12. a3 0-0 13. Qg3 Rfc8 14. Rad1 Bf8 15. f5 e5 16. Nf3 b4 17. axb4 Nxb4 18. Ne1 Bc6 19. Qh4 Qb7 20. Rf3 Be7 21. Rh3 Bxe4 22. Bf3 d5 23. Bxe4 dxe4 24. Bg5 Rd8 25. Bxf6 Bxf6 26. Qxh7+ Kf8 27. Qh5 Nd5 28. Nxd5 Rxd5 29. Qe2 Kg8 30. Qh5 Kf8 31. Qe2 Rxd1 32. Qxd1 Ke7 33. Rb3 Qd7 34. Qe2 Qxf5 35. Rb7+ Kf8 36. Qc4 Bg5 37. Qc5+ Kg8 38. Kg1 Rd8 39. Qf2 Qe6 40. Rb6 Qa2 41. Qe2 Qb1 42. Qxe4 Bd2 43. Kf2 Bxe1+ 44. Qxe1 Qxc2+ 45. Kg3 Rd3+ 46. Kh4 0-1

[Event "FRA-ch op-A"]
[Site "Aix les Bains"]
[Date "2003.08.22"]
[Round "4"]
[White "Larrat, Philippe"]
[Black "Debeaune, Robin"]
[Result "0-1"]
[WhiteElo "2177"]
[BlackElo "2099"]
[PlyCount "54"]
[EventDate "2003.08.19"]
[EventType "swiss"]
[EventRounds "11"]
[EventCountry "FRA"]
[SourceTitle "EXT 2004"]
[Source "ChessBase"]
[SourceDate "2003.11.25"]
[SourceVersion "1"]
[SourceVersionDate "2003.11.25"]
[SourceQuality "1"]

1. e4 c5 2. c3 Nf6 3. e5 Nd5 4. d4 cxd4 5. Nf3 Nc6 6. cxd4 d6 7. Bc4 Nb6 8. Bb3 d5 9. h3 Bf5 10. 0-0 e6 11. Nc3 Be7 12. Ne2 Na5 13. Ng3 Nxb3 14. Nxf5 Nxa1 15. Nxg7+ Kd7 16. Bd2 Rc8 17. Qxa1 h5 18. a4 Qf8 19. a5 Na8 20. Qa4+ Kd8 21. a6 b6 22. Rc1 Rxc1+ 23. Bxc1 Qxg7 24. Qc6 Nc7 25. Qb7 Kd7 26. b4 Qf8 27. b5 Qa8 0-1

[Event "Paris Apsap op 52nd"]
[Site "Paris"]
[Date "2002.04.13"]
[Round "1"]
[White "Debeaune, Robin"]
[Black "Lebrun, Xavier"]
[Result "1/2-1/2"]
[WhiteElo "2008"]
[BlackElo "2209"]
[PlyCount "55"]
[EventDate "2002.04.17"]
[EventType "swiss"]
[EventRounds "9"]
[EventCountry "FRA"]
[SourceTitle "EXT 2003"]
[Source "ChessBase"]
[SourceDate "2002.11.25"]
[SourceVersion "1"]
[SourceVersionDate "2002.11.25"]
[SourceQuality "1"]

1. e4 e5 2. Nf3 Nc6 3. Bc4 Nf6 4. d4 exd4 5. 0-0 Nxe4 6. Re1 d5 7. Bxd5 Qxd5 8. Nc3 Qa5 9. Nxe4 Be6 10. Neg5 0-0-0 11. Nxe6 fxe6 12. Rxe6 Bd6 13. Bd2 Qh5 14. h3 h6 15. Qe2 Rhf8 16. Re1 d3 17. cxd3 Rxf3 18. Qxf3 Qxf3 19. gxf3 Nd4 20. R6e3 Bf4 21. Kg2 Nf5 22. Bc1 Bxe3 23. fxe3 Rxd3 24. Kf2 c5 25. Ke2 Rd6 26. Rd1 b5 27. Rxd6 Nxd6 28. e4 1/2-1/2